Incidencias del Código Civil y Comercial : derecho de familia /

Guardado en:
Autor Principal: Azpiri, Jorge O.
Formato: Desconocido
Idioma:Spanish
Publicado: Buenos Aires : Hammurabi, 2015
Edición:1a. ed., 4a. reimp.
Series:Incidencias del Código Civil y Comercial 1
Materias:
Etiquetas: Agregar Etiqueta
Sin Etiquetas, Sea el primero en etiquetar este registro!
LEADER 00761nac a22001815a 4500
001 DER.der012903
008 180615s2015####ag#||||||||||||||#||spa||
005 20251209124832.0
245 1 0 |a Incidencias del Código Civil y Comercial :  |b derecho de familia /  |c Jorge O. Azpiri. 
250 |a 1a. ed., 4a. reimp. 
260 |a Buenos Aires :  |b Hammurabi,  |c 2015 
300 |a 289 p. 
440 0 |a Incidencias del Código Civil y Comercial  |v 1 
505 0 |a Matrimonio. Nulidad del matrimonio. Divorcio. Compensación económica. Régimen patrimonial. Unión convivencial. Filiación. Adopción. Responsabilidad parental. Procesos de familia 
020 |a 9789507416873 
100 1 |a Azpiri, Jorge O. 
650 7 |a DERECHO DE FAMILIA 
859 |a DERECHO  |b BIB. DERECHO  |h 346.015  |i AZP  |p 007714